Grand Geography quiz - Statistics

General Stats
  • This quiz has been taken 16 times
  • The average score is 26 of 40
Answer Stats
Question Answer % Correct
Which picture shows the people of Mongolia?
100%
What is the sudden flow of snow down a mountain called? Avalanche
100%
Which explorer reached the Americas in 1492? Christopher Columbus
100%
What device shows the cardinal directions and is used for navigation and geographic orientation? Compass
100%
What are the largest trees in the world called? Redwood / Sequoia
100%
Which U.S. state is home to Silicon Valley, the global hub for technology and innovation? California
94%
Which country has the largest population in the world? India
94%
What is the deepest point in the world’s oceans? Mariana Trench – Challenger Deep
94%
What is the place called where Muslims gather to pray? Mosque
94%
What is the tallest mountain in the world above sea level? Mount Everest (Sagarmatha,Chomolungma)
94%
What is the largest country in the world by total land area? Russia
94%
How many continents are there in the world? 7
88%
What is the name of the tallest building in the world, completed in 2012? Burj Khalifa
88%
What is the longest river in the world? Nile
88%
What is the northernmost point on Earth called? North Pole
88%
Which picture best represents the Temperate Forest biome?
81%
Where did the first modern humans (Homo sapiens) originate? Africa
81%
What is the largest desert in the world by total area? Antarctic Desert
81%
What is the youngest country in the world (by date of independence)? South Sudan
75%
Which list correctly orders the five major biomes from north (Arctic) to south (Equator)? Tundra, Taiga, Temperate Forest, Grassland, Tropical Rainforest
75%
Approximately what is the current population of the world? 8 billion
69%
Which country is the largest producer of coffee in the world? Brazil
69%
What mineral‑based commodity is exported more than any other in the world? Crude Oil
69%
What is the largest city in the world by population (metropolitan area)? Tokyo
63%
What is the most common mode of transport in the world? Walking
63%
Approximately what is the average age of people in the world today? 31
56%
How many standard time zones are there in the world? 24
50%
Which is the largest religion in the world by number of followers? Christianity
50%
Which country has the youngest population in the world (lowest median age)? Niger
50%
How many countries are recognized by the United Nations today? 193
44%
Which of these buildings is NOT located in Europe?
38%
When did the euro become the official currency of the European Union? 1999
38%
Approximately how many islands are there in the world? 200000-300000
38%
Which city is home to the largest port in the world by container traffic? Shanghai
38%
How many major tectonic plates make up the Earth’s lithosphere? 7
25%
What was the first ship to successfully sail around the world? Victoria
25%
Which country has the lowest average temperature when including all its territories? Denmark (Greenland)
19%
Roughly what is the salinity of the Dead Sea? 34-35%
13%
Approximately how many modern countries did the Silk Road pass through? 25
6%
From what height is a landform generally defined as a mountain? 600 meters
6%
No matching quizzes found
Score Distribution
Percent of People with Each Score
Percentile by Number Answered
Your Score History
You have not taken this quiz